[Event "TIPC 2019 Groupe A"]
[Site ""]
[Date "2019.07.31"]
[Round "6.5"]
[White "Capone, Nicola"]
[Black "Werner, Ivan"]
[Result "1-0"]
[WhiteTitle "IM"]
[WhiteElo "2297"]
[BlackElo "2129"]

1. d4 {[%clk 01:20:15]} {[%emt 00:10:44]} Nf6 {[%clk 01:29:10]} {[%emt
00:01:51]} 2. c4 {[%clk 01:20:41]} {[%emt 00:00:04]} g6 {[%clk 01:29:36]}
{[%emt 00:00:04]} 3. Nc3 {[%clk 01:21:08]} {[%emt 00:00:04]} d5 {[%clk
01:30:03]} {[%emt 00:00:03]} 4. cxd5 {[%clk 01:21:33]} {[%emt 00:00:05]} Nxd5
{[%clk 01:30:29]} {[%emt 00:00:03]} 5. e4 {[%clk 01:21:57]} {[%emt 00:00:06]}
Nxc3 {[%clk 01:30:55]} {[%emt 00:00:03]} 6. bxc3 {[%clk 01:22:23]} {[%emt
00:00:04]} Bg7 {[%clk 01:31:21]} {[%emt 00:00:05]} 7. Be3 {[%clk 01:22:43]}
{[%emt 00:00:09]} c5 {[%clk 01:31:27]} {[%emt 00:00:24]} 8. Nf3 {[%clk
01:23:10]} {[%emt 00:00:04]} Qa5 {[%clk 01:28:37]} {[%emt 00:03:20]} 9. Qd2
{[%clk 01:22:22]} {[%emt 00:01:17]} O-O {[%clk 01:26:49]} {[%emt 00:02:18]} 10.
Rb1 {[%clk 01:22:03]} {[%emt 00:00:49]} cxd4 {[%clk 01:26:38]} {[%emt
00:00:41]} 11. cxd4 {[%clk 01:22:27]} {[%emt 00:00:06]} Qxd2+ {[%clk 01:26:57]}
{[%emt 00:00:10]} 12. Kxd2 {[%clk 01:22:53]} {[%emt 00:00:04]} Rd8 {[%clk
01:22:23]} {[%emt 00:05:05]} 13. Bd3 {[%clk 01:17:58]} {[%emt 00:13:40]} Nc6
{[%clk 01:05:22]} {[%emt 00:09:16]} 14. d5 {[%clk 01:15:14]} {[%emt 00:03:13]}
Na5 {[%clk 01:04:47]} {[%emt 00:01:06]} 15. Ke2 {[%clk 01:14:11]} {[%emt
00:01:33]} e6 {[%clk 01:03:27]} {[%emt 00:01:50]} 16. Bg5 {[%clk 01:13:55]}
{[%emt 00:00:46]} f6 {[%clk 00:59:43]} {[%emt 00:04:14]} 17. Bd2 {[%clk
01:14:20]} {[%emt 00:00:04]} b6 {[%clk 00:59:58]} {[%emt 00:00:16]} 18. Bxa5
{[%clk 01:13:53]} {[%emt 00:00:56]} bxa5 {[%clk 01:00:23]} {[%emt 00:00:06]} 19.
Bc4 {[%clk 01:13:33]} {[%emt 00:00:50]} e5 {[%clk 00:59:02]} {[%emt 00:01:50]}
20. Nd2 {[%clk 01:08:18]} {[%emt 00:05:46]} a4 {[%clk 00:55:01]} {[%emt
00:04:31]} 21. Rb4 {[%clk 01:00:17]} {[%emt 00:37:41]} Bd7 {[%clk 00:54:59]} 22.
Rhb1 {[%clk 00:59:29]} Bf8 {[%clk 00:54:38]} 23. Rb7 {[%clk 00:57:29]} Bd6
{[%clk 00:53:00]} 24. Bd3 {[%clk 00:55:17]} Bc5 {[%clk 00:43:12]} 25. Bb5
{[%clk 00:55:19]} Bc8 {[%clk 00:39:35]} 26. Rc7 {[%clk 00:55:40]} Bd6 {[%clk
00:37:19]} 27. Rc4 {[%clk 00:53:38]} {[%emt 00:01:11]} a3 {[%clk 00:26:52]}
{[%emt 00:10:56]} 28. Bc6 {[%clk 00:53:02]} {[%emt 00:01:07]} Ba6 {[%clk
00:27:04]} {[%emt 00:00:19]} 29. Bxa8 {[%clk 00:53:23]} {[%emt 00:00:09]} Rxa8
{[%clk 00:27:23]} {[%emt 00:00:11]} 30. Kd1 {[%clk 00:50:51]} {[%emt 00:03:01]}
Bxc4 {[%clk 00:26:46]} {[%emt 00:01:07]} 31. Nxc4 {[%clk 00:51:15]} {[%emt
00:00:07]} Bc5 {[%clk 00:25:43]} {[%emt 00:01:32]} 32. f3 {[%clk 00:51:20]}
{[%emt 00:00:25]} a5 {[%clk 00:24:05]} {[%emt 00:02:08]} 33. Rb5 {[%clk
00:51:02]} {[%emt 00:00:48]} Bb4 {[%clk 00:24:03]} {[%emt 00:00:32]} 34. Kc2
{[%clk 00:51:24]} {[%emt 00:00:08]} Rc8 {[%clk 00:24:06]} {[%emt 00:00:27]} 35.
Kd3 {[%clk 00:50:33]} {[%emt 00:01:21]} f5 {[%clk 00:22:21]} {[%emt 00:02:15]}
36. d6 {[%clk 00:48:39]} {[%emt 00:02:24]} fxe4+ {[%clk 00:18:06]} {[%emt
00:04:45]} 37. fxe4 {[%clk 00:49:03]} {[%emt 00:00:05]} Rd8 {[%clk 00:17:31]}
{[%emt 00:01:06]} 38. Rxe5 {[%clk 00:49:00]} {[%emt 00:00:33]} Bxd6 {[%clk
00:17:30]} {[%emt 00:00:31]} 39. Rd5 {[%clk 00:49:25]} {[%emt 00:00:05]} Bc7
{[%clk 00:17:19]} {[%emt 00:00:41]} 40. Rxd8+ {[%clk 00:49:50]} {[%emt
00:00:04]} Bxd8 {[%clk 00:17:31]} {[%emt 00:00:18]} 41. Kd4 {[%clk 00:50:14]}
{[%emt 00:00:06]} Kf7 {[%clk 00:17:47]} {[%emt 00:00:15]} 42. Nxa3 {[%clk
00:46:57]} {[%emt 00:03:47]} Ke6 {[%clk 00:17:00]} {[%emt 00:01:15]} 43. Nc4
{[%clk 00:47:23]} {[%emt 00:00:05]} h5 {[%clk 00:09:12]} {[%emt 00:08:17]} 44.
a4 {[%clk 00:46:30]} {[%emt 00:01:24]} g5 {[%clk 00:08:52]} {[%emt 00:00:49]}
45. h3 {[%clk 00:44:31]} {[%emt 00:03:55]} g4 {[%clk 00:08:20]} 46. hxg4 {[%clk
00:44:25]} {[%emt 00:00:13]} hxg4 {[%clk 00:08:31]} {[%emt 00:00:19]} 47. e5
{[%clk 00:35:07]} {[%emt 00:09:48]} Bc7 {[%clk 00:07:39]} {[%emt 00:01:21]} 48.
g3 {[%clk 00:32:17]} {[%emt 00:03:20]} Bb8 {[%clk 00:05:10]} {[%emt 00:02:59]}
49. Ke4 {[%clk 00:32:40]} {[%emt 00:00:07]} Bc7 {[%clk 00:05:28]} {[%emt
00:00:12]} 50. Kf4 {[%clk 00:18:26]} {[%emt 00:14:45]} Kd5 {[%clk 00:04:18]}
{[%emt 00:01:40]} 51. Ne3+ {[%clk 00:18:51]} {[%emt 00:00:05]} Kc5 {[%clk
00:02:34]} {[%emt 00:02:14]} 52. Kf5 {[%clk 00:18:07]} {[%emt 00:03:55]} Bd8
{[%clk 00:27:15]} {[%emt 00:03:09]} 53. Nxg4 {[%clk 00:48:24]} {[%emt
00:00:13]} Kb4 {[%clk 00:27:39]} {[%emt 00:00:05]} 54. Ne3 {[%clk 00:48:50]}
{[%emt 00:00:04]} Kxa4 {[%clk 00:27:58]} {[%emt 00:00:12]} 55. Nc4 {[%clk
00:49:15]} {[%emt 00:00:05]} Kb5 {[%clk 00:26:49]} {[%emt 00:01:39]} 56. Nxa5
{[%clk 00:41:42]} {[%emt 00:08:02]} Bxa5 {[%clk 00:23:27]} {[%emt 00:03:52]} 57.
e6 {[%clk 00:40:34]} {[%emt 00:01:38]} Kc6 {[%clk 00:02:09]} {[%emt 00:21:48]}
58. Ke5 {[%emt 00:01:12]} Kd5 {[%emt 00:00:02]} 1-0

[Event "TIPC 2019 Groupe A"]
[Site ""]
[Date "2019.07.31"]
[Round "6.4"]
[White "Gurevich, Mikhail"]
[Black "De Villers, Mourad"]
[Result "1-0"]
[WhiteTitle "GM"]
[WhiteElo "2587"]
[BlackElo "2140"]

1. d4 {[%clk 01:30:55]} {[%emt 00:00:03]} Nf6 {[%clk 01:30:28]} {[%emt
00:00:32]} 2. c4 {[%clk 01:31:19]} {[%emt 00:00:08]} g6 {[%clk 01:30:36]}
{[%emt 00:00:21]} 3. Nc3 {[%clk 01:31:43]} {[%emt 00:00:06]} Bg7 {[%clk
01:30:41]} {[%emt 00:00:25]} 4. e4 {[%clk 01:32:06]} {[%emt 00:00:07]} d6
{[%clk 01:30:41]} {[%emt 00:00:30]} 5. Nf3 {[%clk 01:32:31]} {[%emt 00:00:04]}
O-O {[%clk 01:30:42]} {[%emt 00:00:29]} 6. Be2 {[%clk 01:32:56]} {[%emt
00:00:05]} e5 {[%clk 01:30:46]} {[%emt 00:00:26]} 7. O-O {[%clk 01:33:19]}
{[%emt 00:00:08]} Nc6 {[%clk 01:29:27]} {[%emt 00:01:49]} 8. d5 {[%clk
01:33:40]} {[%emt 00:00:09]} Ne7 {[%clk 01:29:42]} {[%emt 00:00:15]} 9. Nd2
{[%clk 01:34:04]} {[%emt 00:00:06]} a5 {[%clk 01:28:33]} {[%emt 00:01:39]} 10.
Rb1 {[%clk 01:34:29]} {[%emt 00:00:05]} Bd7 {[%clk 01:22:11]} {[%emt 00:06:52]}
11. b3 {[%clk 01:34:37]} {[%emt 00:00:22]} Ne8 {[%clk 01:22:08]} {[%emt
00:00:33]} 12. a3 {[%clk 01:31:09]} {[%emt 00:03:59]} f5 {[%clk 01:21:37]}
{[%emt 00:01:01]} 13. b4 {[%clk 01:31:33]} {[%emt 00:00:06]} axb4 {[%clk
01:21:12]} {[%emt 00:00:55]} 14. axb4 {[%clk 01:31:59]} {[%emt 00:00:03]} Kh8
{[%clk 01:20:47]} {[%emt 00:00:55]} 15. c5 {[%clk 01:31:18]} {[%emt 00:01:12]}
Bh6 {[%clk 01:13:30]} {[%emt 00:07:46]} 16. Nc4 {[%clk 01:27:35]} {[%emt
00:11:25]} Bxc1 {[%clk 01:12:38]} 17. Rxc1 {[%clk 01:27:53]} fxe4 {[%clk
01:09:59]} 18. Nxe4 {[%clk 01:17:58]} {[%emt 00:07:57]} Bb5 {[%clk 01:02:14]}
{[%emt 00:08:14]} 19. Ng5 {[%clk 01:07:56]} {[%emt 00:10:33]} Bd7 {[%clk
00:52:11]} {[%emt 00:10:33]} 20. Qd2 {[%clk 00:45:28]} {[%emt 00:36:42]} Nxd5
{[%clk 00:46:28]} 21. Nxh7 {[%clk 00:44:16]} Kxh7 {[%clk 00:44:02]} 22. Qxd5
{[%clk 00:44:42]} Bc6 {[%clk 00:36:19]} {[%emt 00:05:25]} 23. Qd2 {[%clk
00:45:06]} {[%emt 00:00:06]} Rf4 {[%clk 00:35:51]} {[%emt 00:00:57]} 24. cxd6
{[%clk 00:42:28]} {[%emt 00:03:09]} cxd6 {[%clk 00:33:05]} {[%emt 00:03:15]} 25.
Rc3 {[%clk 00:34:07]} {[%emt 00:08:52]} Qf6 {[%clk 00:30:08]} {[%emt 00:03:27]}
26. Nb6 {[%clk 00:24:49]} {[%emt 00:09:47]} Rd8 {[%clk 00:24:27]} {[%emt
00:06:12]} 27. b5 {[%clk 00:24:52]} {[%emt 00:00:27]} Be4 {[%clk 00:22:06]}
{[%emt 00:02:50]} 28. g3 {[%clk 00:20:21]} {[%emt 00:05:01]} Rf5 {[%clk
00:21:20]} {[%emt 00:01:16]} 29. Bg4 {[%clk 00:15:23]} {[%emt 00:07:26]} d5
{[%clk 00:20:32]} 30. Bxf5 {[%clk 00:14:45]} {[%emt 00:00:28]} gxf5 {[%clk
00:20:43]} {[%emt 00:00:19]} 31. Rc8 {[%clk 00:12:37]} {[%emt 00:02:39]} Qxb6
{[%clk 00:20:35]} {[%emt 00:00:36]} 32. Rxd8 {[%clk 00:13:00]} {[%emt
00:00:08]} Qxd8 {[%clk 00:20:50]} {[%emt 00:00:15]} 33. f3 {[%clk 00:13:21]}
{[%emt 00:00:09]} Qb6+ {[%clk 00:08:02]} {[%emt 00:13:19]} 34. Kg2 {[%clk
00:13:22]} {[%emt 00:00:28]} Bxf3+ {[%clk 00:06:36]} {[%emt 00:01:57]} 35. Rxf3
{[%clk 00:13:40]} {[%emt 00:00:11]} Qe6 {[%clk 00:07:00]} {[%emt 00:00:06]} 36.
Qg5 {[%clk 00:12:35]} {[%emt 00:01:35]} Nd6 {[%clk 00:07:06]} {[%emt 00:00:24]}
37. g4 {[%clk 00:11:08]} {[%emt 00:02:07]} Qg6 {[%clk 00:06:05]} {[%emt
00:08:09]} 38. Qe7+ {[%clk 00:09:41]} Nf7 {[%clk 00:06:00]} 39. Qh4+ {[%clk
00:10:03]} Qh6 {[%clk 00:04:42]} 40. Qxh6+ {[%clk 00:05:37]} {[%emt 00:02:36]}
Nxh6 {[%clk 00:04:30]} {[%emt 00:00:42]} 41. g5 {[%clk 00:06:01]} {[%emt
00:04:48]} Ng4 {[%clk 00:02:23]} 42. h3 {[%clk 00:06:03]} {[%emt 00:00:06]} e4
{[%clk 00:02:25]} {[%emt 00:00:02]} 43. Rc3 {[%clk 00:06:08]} {[%emt 00:00:02]}
Ne5 {[%clk 00:01:50]} {[%emt 00:00:10]} 44. Rc7+ {[%clk 00:00:55]} {[%emt
00:05:43]} Kg6 {[%clk 00:01:41]} {[%emt 00:00:39]} 45. Rxb7 {[%clk 00:01:21]}
{[%emt 00:00:04]} f4 {[%clk 00:01:06]} {[%emt 00:01:06]} 46. Re7 {[%clk
00:00:39]} {[%emt 00:02:11]} f3+ {[%clk 00:17:29]} {[%emt 00:12:38]} 47. Kg3
{[%clk 00:29:55]} {[%emt 00:01:42]} Nd3 {[%clk 00:16:42]} {[%emt 00:01:18]} 48.
b6 {[%clk 00:29:52]} {[%emt 00:00:34]} 1-0

[Event "TIPC 2019 Groupe A"]
[Site ""]
[Date "2019.07.31"]
[Round "6.3"]
[White "De Waele, Warre"]
[Black "Maerevoet, Sim"]
[Result "1/2-1/2"]
[WhiteTitle "FM"]
[BlackTitle "FM"]
[WhiteElo "2225"]
[BlackElo "2321"]

1. d4 {[%clk 01:30:57]} {[%emt 00:00:03]} d5 {[%clk 01:30:19]} {[%emt
00:00:41]} 2. Nf3 {[%clk 01:30:57]} {[%emt 00:00:29]} Nf6 {[%clk 01:30:29]}
{[%emt 00:00:21]} 3. g3 {[%clk 01:30:38]} {[%emt 00:00:49]} Bf5 {[%clk
01:20:01]} {[%emt 00:10:59]} 4. Bg2 {[%clk 01:30:22]} {[%emt 00:00:46]} e6
{[%clk 01:20:10]} {[%emt 00:00:21]} 5. c4 {[%clk 01:30:45]} {[%emt 00:00:07]}
c6 {[%clk 01:19:23]} {[%emt 00:01:17]} 6. Nc3 {[%clk 01:31:08]} {[%emt
00:00:06]} Nbd7 {[%clk 01:11:49]} {[%emt 00:08:05]} 7. Qb3 {[%clk 01:31:29]}
{[%emt 00:00:08]} Qb6 {[%clk 01:11:08]} {[%emt 00:01:12]} 8. c5 {[%clk
01:31:52]} {[%emt 00:00:07]} Qxb3 {[%clk 01:11:09]} {[%emt 00:00:28]} 9. axb3
{[%clk 01:32:15]} {[%emt 00:00:06]} a6 {[%clk 01:10:03]} {[%emt 00:01:38]} 10.
b4 {[%clk 01:26:54]} {[%emt 00:14:54]} Ne4 {[%clk 01:01:48]} 11. Nh4 {[%clk
01:14:21]} {[%emt 00:12:44]} Nxc3 {[%clk 00:58:51]} {[%emt 00:03:28]} 12. bxc3
{[%clk 01:14:29]} {[%emt 00:00:21]} Bc2 {[%clk 00:57:19]} {[%emt 00:02:03]} 13.
Ra2 {[%clk 01:11:50]} {[%emt 00:03:09]} Bb3 {[%clk 00:51:06]} {[%emt 00:06:43]}
14. Ra3 {[%clk 01:11:37]} {[%emt 00:00:50]} Bc4 {[%clk 00:51:30]} 15. Nf3
{[%clk 01:11:14]} {[%emt 00:00:50]} Bb5 {[%clk 00:46:55]} {[%emt 00:05:06]} 16.
Nd2 {[%clk 01:04:50]} {[%emt 00:38:44]} e5 {[%clk 00:40:18]} 17. e4 {[%clk
00:45:31]} exd4 {[%clk 00:34:16]} {[%emt 00:01:39]} 18. exd5 {[%clk 00:39:37]}
{[%emt 00:06:24]} dxc3 {[%clk 00:26:56]} {[%emt 00:07:50]} 19. Rxc3 {[%clk
00:30:40]} {[%emt 00:09:27]} a5 {[%clk 00:17:59]} {[%emt 00:09:27]} 20. Ra3
{[%clk 00:30:16]} {[%emt 00:00:54]} Nxc5 {[%clk 00:17:43]} {[%emt 00:00:46]} 21.
Re3+ {[%clk 00:26:47]} {[%emt 00:03:58]} Kd8 {[%clk 00:14:17]} {[%emt
00:03:57]} 22. bxc5 {[%clk 00:24:35]} {[%emt 00:02:43]} Bxc5 {[%clk 00:14:40]}
{[%emt 00:00:06]} 23. Re5 {[%clk 00:23:07]} {[%emt 00:01:56]} Bd6 {[%clk
00:13:41]} {[%emt 00:01:31]} 24. Re3 {[%clk 00:23:20]} {[%emt 00:00:17]} Bc5
{[%clk 00:13:53]} {[%emt 00:00:19]} 25. Re5 {[%clk 00:23:26]} {[%emt 00:00:23]}
Bd6 {[%clk 00:13:02]} {[%emt 00:01:20]} 1/2-1/2

[Event "TIPC 2019 Groupe A"]
[Site ""]
[Date "2019.07.31"]
[Round "6.28"]
[White "Dierckens, Sarah"]
[Black "Lui, Eric"]
[Result "0-1"]
[WhiteElo "1770"]
[BlackElo "1884"]

1. e4 {[%clk 01:19:45]} {[%emt 00:11:14]} c5 {[%clk 01:30:37]} {[%emt
00:00:23]} 2. Nf3 {[%clk 01:20:03]} {[%emt 00:00:13]} d6 {[%clk 01:30:31]}
{[%emt 00:00:35]} 3. d4 {[%clk 01:20:21]} {[%emt 00:00:12]} cxd4 {[%clk
01:30:37]} {[%emt 00:00:25]} 4. Nxd4 {[%clk 01:20:45]} {[%emt 00:00:05]} Nf6
{[%clk 01:30:46]} {[%emt 00:00:20]} 5. Nc3 {[%clk 01:21:09]} {[%emt 00:00:07]}
a6 {[%clk 01:30:44]} {[%emt 00:00:33]} 6. Bg5 {[%clk 01:21:24]} {[%emt
00:00:14]} e6 {[%clk 01:30:46]} {[%emt 00:00:27]} 7. f4 {[%clk 01:20:36]}
{[%emt 00:01:18]} h6 {[%clk 01:30:42]} {[%emt 00:00:34]} 8. Bh4 {[%clk
01:20:01]} {[%emt 00:01:06]} Be7 {[%clk 01:30:41]} {[%emt 00:00:30]} 9. Qf3
{[%clk 01:19:00]} {[%emt 00:01:32]} Qc7 {[%clk 01:29:48]} {[%emt 00:01:23]} 10.
O-O-O {[%clk 01:17:27]} {[%emt 00:02:04]} Nbd7 {[%clk 01:28:00]} {[%emt
00:02:17]} 11. g4 {[%clk 01:10:16]} {[%emt 00:15:59]} g5 {[%clk 01:26:55]} 12.
fxg5 {[%clk 01:07:34]} Ne5 {[%clk 01:26:41]} 13. Qe2 {[%clk 01:04:19]} {[%emt
00:00:58]} Nfxg4 {[%clk 01:25:32]} {[%emt 00:01:38]} 14. h3 {[%clk 01:00:02]}
{[%emt 00:04:48]} hxg5 {[%clk 01:25:38]} {[%emt 00:00:23]} 15. Bg3 {[%clk
00:58:55]} {[%emt 00:01:37]} Bd7 {[%clk 01:05:50]} {[%emt 00:20:19]} 16. Bg2
{[%clk 00:58:00]} {[%emt 00:01:24]} Nf6 {[%clk 01:05:49]} {[%emt 00:00:31]} 17.
Rhf1 {[%clk 00:54:48]} {[%emt 00:03:42]} Rc8 {[%clk 00:57:48]} {[%emt
00:38:38]} 18. Nf3 {[%clk 00:49:47]} Nh5 {[%clk 00:50:44]} 19. Nxe5 {[%clk
00:36:16]} dxe5 {[%clk 00:48:27]} 20. Rxd7 {[%clk 00:25:54]} {[%emt 00:10:39]}
Qxd7 {[%clk 00:42:28]} {[%emt 00:06:30]} 21. Bxe5 {[%clk 00:26:17]} {[%emt
00:00:07]} f6 {[%clk 00:42:34]} {[%emt 00:00:24]} 22. Rd1 {[%clk 00:25:48]}
{[%emt 00:00:59]} Qc6 {[%clk 00:37:00]} {[%emt 00:06:04]} 23. Bd6 {[%clk
00:22:32]} {[%emt 00:03:46]} Bxd6 {[%clk 00:35:46]} {[%emt 00:01:44]} 24. e5
{[%clk 00:22:55]} {[%emt 00:00:08]} Qc4 {[%clk 00:33:38]} {[%emt 00:02:38]} 25.
exd6 {[%clk 00:21:48]} {[%emt 00:01:36]} Kd8 {[%clk 00:31:38]} {[%emt
00:02:30]} 26. Bxb7 {[%clk 00:19:53]} {[%emt 00:02:26]} Qxe2 {[%clk 00:31:25]}
{[%emt 00:00:42]} 27. Nxe2 {[%clk 00:20:16]} {[%emt 00:00:06]} Rb8 {[%clk
00:31:18]} {[%emt 00:00:38]} 28. Bxa6 {[%clk 00:19:39]} {[%emt 00:01:07]} Ng7
{[%clk 00:29:03]} {[%emt 00:02:45]} 29. Nd4 {[%clk 00:18:19]} {[%emt 00:01:51]}
Rb6 {[%clk 00:28:30]} {[%emt 00:01:03]} 30. Bc4 {[%clk 00:17:37]} {[%emt
00:01:11]} Rxh3 {[%clk 00:24:22]} {[%emt 00:04:38]} 31. Nxe6+ {[%clk 00:17:38]}
{[%emt 00:00:30]} Nxe6 {[%clk 00:24:41]} {[%emt 00:00:11]} 32. Bxe6 {[%clk
00:18:03]} {[%emt 00:00:04]} Re3 {[%clk 00:23:58]} {[%emt 00:01:13]} 33. Bg4
{[%clk 00:14:12]} {[%emt 00:04:21]} Rb4 {[%clk 00:23:32]} {[%emt 00:00:57]} 34.
Bf5 {[%clk 00:13:48]} {[%emt 00:00:53]} Rf4 {[%clk 00:22:46]} {[%emt 00:01:15]}
35. Bd3 {[%clk 00:13:36]} {[%emt 00:00:43]} Rd4 {[%clk 00:21:17]} {[%emt
00:01:59]} 36. Bb5 {[%clk 00:06:13]} {[%emt 00:07:53]} Rxd1+ {[%clk 00:21:28]}
{[%emt 00:00:20]} 37. Kxd1 {[%clk 00:06:38]} {[%emt 00:00:04]} f5 {[%clk
00:21:30]} {[%emt 00:00:28]} 38. a4 {[%clk 00:06:01]} {[%emt 00:01:07]} g4
{[%clk 00:20:55]} {[%emt 00:01:05]} 39. a5 {[%clk 00:03:55]} {[%emt 00:02:37]}
Re5 {[%clk 00:16:42]} {[%emt 00:11:51]} 40. Bd3 {[%clk 00:03:27]} Rxa5 {[%clk
00:16:41]} 41. Ke2 {[%clk 00:03:39]} Re5+ {[%clk 00:13:09]} {[%emt 00:00:03]}
42. Kf2 {[%clk 00:03:31]} {[%emt 00:00:03]} f4 {[%clk 00:43:23]} {[%emt
00:08:01]} 43. b3 {[%clk 00:27:36]} Kd7 {[%clk 00:43:44]} {[%emt 00:00:05]} 44.
Be2 {[%clk 00:25:27]} {[%emt 00:00:34]} g3+ {[%clk 00:43:44]} {[%emt 00:00:32]}
45. Bd3 {[%emt 00:01:58]} 0-1

[Event "TIPC 2019 Groupe A"]
[Site ""]
[Date "2019.07.31"]
[Round "6.30"]
[White "Barbier, Astrid"]
[Black "Barbier, Wim"]
[Result "1/2-1/2"]
[WhiteElo "1941"]
[BlackElo "2068"]

1. e4 {[%clk 01:30:57]} {[%emt 00:00:02]} d6 {[%clk 01:30:54]} {[%emt
00:00:06]} 2. d4 {[%clk 01:31:11]} {[%emt 00:00:16]} Nf6 {[%clk 01:31:20]}
{[%emt 00:00:04]} 3. Nc3 {[%clk 01:31:29]} {[%emt 00:00:13]} e5 {[%clk
01:31:44]} {[%emt 00:00:05]} 4. Nf3 {[%clk 01:30:06]} {[%emt 00:01:54]} Nbd7
{[%clk 01:32:01]} {[%emt 00:00:13]} 5. g4 {[%clk 01:30:22]} {[%emt 00:00:14]}
Nxg4 {[%clk 01:32:24]} {[%emt 00:00:07]} 6. Rg1 {[%clk 01:30:29]} {[%emt
00:00:23]} Ngf6 {[%clk 01:32:36]} {[%emt 00:00:18]} 7. Be3 {[%clk 01:24:19]}
{[%emt 00:06:40]} c6 {[%clk 01:28:18]} {[%emt 00:04:48]} 8. Qd2 {[%clk
01:10:57]} {[%emt 00:13:53]} b5 {[%clk 01:20:42]} {[%emt 00:13:19]} 9. d5
{[%clk 00:58:59]} {[%emt 00:07:15]} cxd5 {[%clk 01:19:59]} {[%emt 00:01:13]} 10.
exd5 {[%clk 00:57:35]} {[%emt 00:01:54]} a6 {[%clk 01:14:51]} {[%emt 00:05:38]}
11. Ng5 {[%clk 00:51:08]} {[%emt 00:06:57]} Nb6 {[%clk 01:07:54]} {[%emt
00:07:27]} 12. Bxb6 {[%clk 00:42:38]} {[%emt 00:09:00]} Qxb6 {[%clk 01:08:03]}
{[%emt 00:34:35]} 13. O-O-O {[%clk 00:41:18]} Ra7 {[%clk 00:49:53]} 14. Bg2
{[%clk 00:32:47]} Bf5 {[%clk 00:44:29]} {[%emt 00:01:11]} 15. f4 {[%clk
00:27:45]} {[%emt 00:05:32]} exf4 {[%clk 00:42:26]} {[%emt 00:02:33]} 16. Qxf4
{[%clk 00:26:14]} {[%emt 00:02:01]} Bg6 {[%clk 00:40:35]} {[%emt 00:02:21]} 17.
Nge4 {[%clk 00:22:58]} {[%emt 00:03:46]} Be7 {[%clk 00:39:09]} {[%emt
00:01:56]} 18. Nxf6+ {[%clk 00:22:26]} {[%emt 00:01:02]} Bxf6 {[%clk 00:38:45]}
{[%emt 00:00:54]} 19. Rge1+ {[%clk 00:22:26]} {[%emt 00:00:29]} Re7 {[%clk
00:38:02]} {[%emt 00:01:13]} 20. Rxe7+ {[%clk 00:15:19]} {[%emt 00:07:37]} Kxe7
{[%clk 00:36:14]} {[%emt 00:02:18]} 21. Bh3 {[%clk 00:14:35]} {[%emt 00:01:14]}
Qc7 {[%clk 00:28:59]} {[%emt 00:06:04]} 1/2-1/2

[Event "TIPC 2019 Groupe A"]
[Site ""]
[Date "2019.07.31"]
[Round "6.1"]
[White "Mirzoev, Azer"]
[Black "Lugovskoy, Maxim"]
[Result "1/2-1/2"]
[WhiteTitle "GM"]
[BlackTitle "GM"]
[WhiteElo "2474"]
[BlackElo "2425"]

1. d4 {[%clk 01:30:57]} {[%emt 00:00:02]} d5 {[%clk 01:29:20]} {[%emt
00:01:41]} 2. Nf3 {[%clk 01:31:22]} {[%emt 00:00:05]} e6 {[%clk 01:29:45]}
{[%emt 00:00:05]} 3. c4 {[%clk 01:31:45]} {[%emt 00:00:07]} a6 {[%clk
01:30:11]} {[%emt 00:00:04]} 4. e3 {[%clk 01:31:53]} {[%emt 00:00:22]} Nf6
{[%clk 01:30:31]} {[%emt 00:00:10]} 5. Nbd2 {[%clk 01:31:28]} {[%emt 00:00:54]}
c5 {[%clk 01:25:09]} {[%emt 00:05:53]} 6. cxd5 {[%clk 01:30:29]} {[%emt
00:01:28]} exd5 {[%clk 01:24:43]} {[%emt 00:00:57]} 7. b3 {[%clk 01:30:45]}
{[%emt 00:00:13]} Nc6 {[%clk 01:23:02]} {[%emt 00:02:12]} 8. Bb2 {[%clk
01:30:47]} {[%emt 00:00:28]} Bg4 {[%clk 01:22:26]} {[%emt 00:01:06]} 9. Be2
{[%clk 01:30:10]} {[%emt 00:01:06]} Bxf3 {[%clk 01:22:15]} {[%emt 00:00:42]} 10.
Nxf3 {[%clk 01:29:19]} {[%emt 00:01:20]} cxd4 {[%clk 01:22:42]} {[%emt
00:00:04]} 11. Nxd4 {[%clk 01:29:30]} {[%emt 00:00:19]} Bb4+ {[%clk 01:22:04]}
{[%emt 00:01:08]} 12. Kf1 {[%clk 01:29:58]} {[%emt 00:00:02]} O-O {[%clk
00:56:38]} {[%emt 00:25:56]} 13. Nxc6 {[%clk 01:29:00]} {[%emt 00:01:28]} bxc6
{[%clk 00:56:59]} {[%emt 00:00:09]} 14. g3 {[%clk 01:29:07]} {[%emt 00:00:22]}
Qe7 {[%clk 00:56:31]} {[%emt 00:00:58]} 15. Kg2 {[%clk 01:21:48]} {[%emt
00:07:49]} Ba3 {[%clk 00:56:45]} {[%emt 00:00:17]} 16. Bxa3 {[%clk 01:18:42]}
{[%emt 00:03:35]} Qxa3 {[%clk 00:56:57]} {[%emt 00:00:17]} 17. Qc2 {[%clk
01:19:05]} {[%emt 00:00:07]} Rfc8 {[%clk 00:55:57]} {[%emt 00:01:31]} 18. Rhd1
{[%clk 01:19:08]} {[%emt 00:00:28]} a5 {[%clk 00:55:30]} {[%emt 00:00:57]} 19.
Rab1 {[%emt 00:10:31]} h6 {[%clk 00:49:14]} 20. Bf3 {[%clk 01:14:34]} {[%emt
00:01:48]} Qe7 {[%clk 00:43:45]} {[%emt 00:39:02]} 21. Rbc1 {[%clk 01:13:19]}
h5 {[%clk 00:43:41]} 22. h4 {[%clk 01:12:38]} g6 {[%clk 00:44:05]} 23. Rd4
{[%clk 01:12:41]} Nd7 {[%clk 00:43:36]} 24. Kg1 {[%clk 01:10:13]} Ne5 {[%clk
00:42:10]} 25. Bg2 {[%clk 01:10:30]} Qf6 {[%clk 00:38:22]} 26. Qc3 {[%clk
01:05:27]} Qe6 {[%clk 00:36:14]} 27. Rcd1 {[%clk 00:59:41]} Qf6 {[%clk
00:36:23]} 28. Qd2 {[%clk 00:59:30]} Rcb8 {[%clk 00:33:39]} {[%emt 00:00:08]}
29. Rf4 {[%clk 00:53:30]} {[%emt 00:06:28]} Qe7 {[%clk 00:32:51]} {[%emt
00:01:20]} 30. Qc3 {[%clk 00:53:15]} {[%emt 00:00:44]} Rb4 {[%clk 00:32:09]}
{[%emt 00:01:13]} 31. Rc1 {[%clk 00:50:09]} {[%emt 00:03:34]} Rab8 {[%clk
00:30:33]} {[%emt 00:02:08]} 32. Rxb4 {[%clk 00:46:09]} {[%emt 00:04:30]} Rxb4
{[%clk 00:29:32]} {[%emt 00:01:31]} 33. Rd1 {[%clk 00:38:51]} {[%emt 00:07:46]}
Qf6 {[%clk 00:29:05]} {[%emt 00:00:58]} 34. Rc1 {[%clk 00:33:33]} {[%emt
00:05:47]} Qe7 {[%clk 00:29:00]} {[%emt 00:00:36]} 35. Rd1 {[%clk 00:31:18]}
{[%emt 00:02:44]} Qf6 {[%clk 00:27:05]} {[%emt 00:02:26]} 36. Rc1 {[%clk
00:31:42]} {[%emt 00:00:06]} Qe7 {[%clk 00:27:30]} {[%emt 00:00:05]} 1/2-1/2